000
00273nam a22001217a 4500
020
_a
0-00-613265-0
082
_a
808.3 GOR'M
100
_a
GORDON, ERNEST
_9
79016
245
_a
MIRACLE ON THE RIVER KWAI
260
_a
LONDON
_b
FONTANA
_c
1973
300
_a
189P
942
_c
BK
999
_c
584087
_d
584087